000 00458nam a2200157 a 4500
001 000027167
005 20200930030639.0
008 110330s2004 mx 000 0 spa d
040 _aDO-SdBNP
_bspa
_cBNPHU
082 _axxxx
_bB641c
100 1 _aBlanco Fombona, Horacio
_923842
245 1 0 _aCrimenes del imperialismo norteamericano. /
_cHoracio Blanco Fombona.
260 _aMéxico :
_bChurubusco,
_c[197-]?
300 _a144 p. ;
_c22 cm.
049 _aBNPD
999 _c26659
_d26659